| 000 | 01482nam a22002657a 4500 | ||
|---|---|---|---|
| 999 |
_c406122 _d406122 |
||
| 001 | 120072 | ||
| 003 | UA-OsUOA | ||
| 005 | 20230504161344.0 | ||
| 007 | ta | ||
| 008 | 20161206b un ||||| |||| 00| 0 ukr d | ||
| 020 | _a966-8272-18-8 | ||
| 040 |
_aUA-OsUOA _bukr _cUA-OsUOA _dUA-OsUOA |
||
| 041 | _aukr | ||
| 080 | _a811.162.1(075.8) | ||
| 090 |
_a811.162.1(075.8) _bП90 |
||
| 100 | _aПучковський Ю. Я. | ||
| 245 |
_aПольська мова _bпрактичний курс: посібник для студентів гуманітарних спеціальностей |
||
| 260 |
_aК. _bЧумацький шлях _c2014 |
||
| 300 | _a272 с. | ||
| 520 | _aУ посібнику розглядаються основні правила польської орфоепії, орфографії та слововживання. До кожної з тем додані питання для самоконтролю та вправи. Теми основної частини містять тексти для читання, короткі словнички нових слів, приклади вживання особових форм дієслів та групи найуживанішої лексики. | ||
| 650 | 7 |
_a8 Мовознавство. Художня література. Літературознавство _2UDC |
|
| 942 |
_cBK _2udc |
||
| 955 | _a2 | ||